<?xml version="1.0" encoding="UTF-8"?>
<record
    xmlns:xsi="http://www.w3.org/2001/XMLSchema-instance"
    xsi:schemaLocation="http://www.loc.gov/MARC21/slim http://www.loc.gov/standards/marcxml/schema/MARC21slim.xsd"
    xmlns="http://www.loc.gov/MARC21/slim">

  <leader>01542nam a2200193 a 4500</leader>
  <controlfield tag="008">180206e2011    ag ||||g |||| 00| 0 spa d</controlfield>
  <datafield tag="020" ind1=" " ind2=" ">
    <subfield code="a">9789876042444</subfield>
  </datafield>
  <datafield tag="041" ind1=" " ind2=" ">
    <subfield code="a">spa</subfield>
  </datafield>
  <datafield tag="092" ind1=" " ind2=" ">
    <subfield code="c">808</subfield>
    <subfield code="l">24</subfield>
    <subfield code="s">FED</subfield>
  </datafield>
  <datafield tag="100" ind1="1" ind2=" ">
    <subfield code="a">Fedeli, Liliana Graciela</subfield>
    <subfield code="9">3272</subfield>
  </datafield>
  <datafield tag="245" ind1=" " ind2=" ">
    <subfield code="a">Cipolletti. Una comunidad en acci&#xF3;n.</subfield>
    <subfield code="b">Conflicto social o pueblada? /</subfield>
    <subfield code="c">Liliana Graciela Fedeli</subfield>
  </datafield>
  <datafield tag="250" ind1=" " ind2=" ">
    <subfield code="a">1a ed.</subfield>
  </datafield>
  <datafield tag="260" ind1=" " ind2=" ">
    <subfield code="a">Neuqu&#xE9;n:</subfield>
    <subfield code="b">EDUCO;</subfield>
    <subfield code="c">2011.</subfield>
  </datafield>
  <datafield tag="300" ind1=" " ind2=" ">
    <subfield code="a">150 p.</subfield>
  </datafield>
  <datafield tag="500" ind1=" " ind2=" ">
    <subfield code="a">Fedeli, L. G. (2011). Cipolletti. Una comunidad en acci&#xF3;n. Conflicto social o pueblada?. (1a ed.). Neuqu&#xE9;n : EDUCO.</subfield>
  </datafield>
  <datafield tag="505" ind1=" " ind2=" ">
    <subfield code="a">El Cipoletazo se inscribe en un ciclo de protesta social producida en la segunda d&#xE9;cada del '70, representada por un estadio de conflictividad con movilizaci&#xF3;n nacional, con casos como el Rosariazo, Cordobazo y otros posteriores.
La conflictividad era producto del modelo de Estado burocr&#xE1;tico autoritario impuesto por la "Revoluci&#xF3;n Argentina", que ten&#xED;a como objetivos de gobierno: suspender la actividad pol&#xED;tica, reorganizar la econom&#xED;a y la sociedad, ejerciendo control sobre los intentos de protesta social.
El caso de Cipolletti, producido el 12 de Septiembre de 1969, fue particular y diferenciable porque la poblaci&#xF3;n se moviliz&#xF3; ante el intento del poder provincial de remover de su cargo al comisionado municipal Julio Dante Salto.
La masiva participaci&#xF3;n lo convirti&#xF3; en una verdadera pueblada. Los cipole&#xF1;os quer&#xED;an inscribir su destino sin ingerencias ni condicionamientos.</subfield>
  </datafield>
  <datafield tag="655" ind1=" " ind2=" ">
    <subfield code="a">Literatura</subfield>
    <subfield code="9">2917</subfield>
  </datafield>
  <datafield tag="942" ind1=" " ind2=" ">
    <subfield code="2">ddc</subfield>
    <subfield code="c">LIT</subfield>
  </datafield>
  <datafield tag="999" ind1=" " ind2=" ">
    <subfield code="c">3171</subfield>
    <subfield code="d">3171</subfield>
  </datafield>
  <datafield tag="952" ind1=" " ind2=" ">
    <subfield code="0">0</subfield>
    <subfield code="1">0</subfield>
    <subfield code="2">ddc</subfield>
    <subfield code="4">0</subfield>
    <subfield code="7">0</subfield>
    <subfield code="a">BFM</subfield>
    <subfield code="b">BFM</subfield>
    <subfield code="c">CR</subfield>
    <subfield code="d">2023-08-02</subfield>
    <subfield code="e">Donaci&#xF3;n Julio 2023.</subfield>
    <subfield code="l">0</subfield>
    <subfield code="o">808 24 FED</subfield>
    <subfield code="p">4861</subfield>
    <subfield code="r">2023-08-02</subfield>
    <subfield code="t">Ej. 1</subfield>
    <subfield code="w">2023-08-02</subfield>
    <subfield code="y">LIT</subfield>
    <subfield code="z">Donaci&#xF3;n Julio 2023. Proyecto 4to Libro.</subfield>
    <subfield code="f"></subfield>
  </datafield>
</record>
